000
00292nam a22001217a 4500
008
170714b xxu||||| |||| 00| 0 eng d
041
_a
eng
080
_2
2ND
_a
038
100
_a
24
101
_a
FJA
245
_a
WEBSTER'S NEW UNIVERSAL UNABRIDGED DICTIONARY
_c
KECHNIE,J.L
942
_2
udc
_c
BK
999
_c
20945
_d
20945